LEARNING, teaching & development: strategies for action
Saved in:
| Format: | Bog |
|---|---|
| Sprog: | engelsk |
| Udgivet: |
Sage Publication,
2015.
|
| Tags: |
Tilføj Tag
Ingen Tags, Vær først til at tagge denne postø!
|
MARC
| LEADER | 00000nam a22000007a 4500 | ||
|---|---|---|---|
| 008 | 210528b ||||| |||| 00| 0 eng d | ||
| 020 | |a 978-1- 4462-8212-0 | ||
| 245 | |a LEARNING, teaching & development: |b strategies for action |c Lyn Ashmore & Denise Robinson |g xvii, 265p. ; ill. | ||
| 250 | |c Lyn Ashmore & Denise Robinson | ||
| 260 | |b Sage Publication, |c 2015. |h London: |i 692613 |i 692614 |l LB2343.4 .L47 |m College student development programs. |m Study – Skill. |m Remedial teaching. | ||
| 500 | |a “It includes references and index”. | ||
| 942 | |a lcc |c BK |e deniran, F. A. |f 28/05/2021 | ||
| 952 | |0 0 |1 0 |2 lcc |4 0 |6 LB23434 L47 |7 0 |9 2489 |a HOL |b ED |c LP |d 2021-05-28 |l 0 |o LB2343.4 .L47 |p 2021-6341 |r 2021-05-28 00:00:00 |w 2021-05-28 |y BK | ||
| 952 | |0 0 |1 0 |2 lcc |4 0 |6 LB23434 L47 |7 0 |9 2490 |a HOL |b HOL |c LP |d 2021-05-28 |l 0 |o LB2343.4 .L47 |p 2021-6342 |r 2021-05-28 00:00:00 |w 2021-05-28 |y BK | ||
| 999 | |c 1296 |d 1296 | ||